| 000 | 00487pab a2200181 454500 | ||
|---|---|---|---|
| 008 | 180718b1975 xxu||||| |||| 00| 0 eng d | ||
| 100 | _aThavaraj, M.J.K. | ||
| 245 | _aCitizens' grievances and treasury reforms in India | ||
| 260 | _c1975 | ||
| 300 | _ap.486-491. | ||
| 362 | _aJul-Sep | ||
| 650 | _aPublic administration - India | ||
| 650 | _aPublic administration | ||
| 700 | _aHanda, K.L. | ||
| 773 | _aIndian Journal of Public Administration | ||
| 908 | _aN | ||
| 909 | _a88115 | ||
| 999 |
_c88115 _d88115 |
||